Rich past vibrant future: (Record no. 191685)

MARC details
000 -LEADER
fixed length control field 00466nam a22001697a 4500
005 - DATE AND TIME OF LATEST TRANSACTION
control field 20220831153255.0
010 ## - LCCN (DPL NO)
LC control number ENG-134829
020 ## - INTERNATIONAL STANDARD BOOK NUMBER
Terms of availability 550.00
International Standard Book Number 9788194964094
035 ## - SYSTEM CONTROL NUMBER
System control number EN-118361
037 ## - SOURCE OF ACQUISITION
Source of stock number/acquisition DBAD/PUB
082 ## - DEWEY DECIMAL CLASSIFICATION NUMBER
Classification number 370.95411
245 ## - TITLE STATEMENT
Title Rich past vibrant future:
Remainder of title university of jammu/
260 ## - PUBLICATION, DISTRIBUTION, ETC. (IMPRINT)
Place of publication, distribution, etc New delhi
Name of publisher, distributor, etc Vitasta publishing
Date of publication, distribution, etc 2021
270 ## - ADDRESS
City New delhi
300 ## - PHYSICAL DESCRIPTION
Extent 236 p.
Dimensions 23cm (hbk)
942 ## - ADDED ENTRY ELEMENTS (KOHA)
Source of classification or shelving scheme Dewey Decimal Classification
Item type English Books
Classification part 370.95411
Call number suffix RIC
Holdings
Withdrawn status Lost status Not for loan Collection code Home library Current library Date acquired Source of acquisition Cost, normal purchase price Full call number Barcode Copy number Cost, replacement price Koha item type
    Not For Loan Reference Ashok Vihar Ashok Vihar 31/08/2022 DBAD/PUB 550.00 370.95411 RIC EN-118361 1 550.00 English Books

© Delhi Public Library
Hit Counter
free hit counter